| 000 | 00717nam a2200205 a 4500 | ||
|---|---|---|---|
| 001 | 000021914 | ||
| 005 | 20200930011512.0 | ||
| 008 | 100914s1966 sp a r 000 0 spa d | ||
| 040 |
_aDO-SdBNP _bspa _cBNPHU |
||
| 082 |
_axxxx _bS358s |
||
| 100 | 1 |
_aSchneider, Eugene V. _945477 |
|
| 245 | 1 | 0 |
_aSociología industrial : _bRelaciones sociales entre la industria y la comunidad / _cEugene V. Schneider ; traducción José C. Castillo. |
| 260 |
_aMadrid : _bEdiciones Guadarrama, _c1966. |
||
| 300 |
_a763 p. : _bil. ; _c22 cm. |
||
| 500 | _aIncluye biografía p. [701-741]. | ||
| 500 | _aIncluye índice onomástico. | ||
| 500 | _aIncluye índice de materias. | ||
| 700 | 1 |
_aCastillo, José C. _945478 |
|
| 049 | _aBNGR | ||
| 999 |
_c21412 _d21412 |
||